| 000 | 01013cam a22003377a 4500 | ||
|---|---|---|---|
| 003 | CHAP | ||
| 005 | 20220817043126.0 | ||
| 008 | 971013s1974 r 00010 d | ||
| 010 | _a66339 | ||
| 011 | _a67311 | ||
| 035 | _a76781 | ||
| 040 | _cCHAP | ||
| 090 | _aFolleto 11914 | ||
| 110 | _aFAO | ||
| 245 | 0 | _aVariedades de hortalizas con importancia comercial en América Latina | |
| 260 |
_aRoma : _bFAO, _c1974 |
||
| 300 | _a33 p. | ||
| 490 | 0 |
_aAGP _v; FVC; 3 |
|
| 590 |
_aBATCH-UPD _b10 _c20130110 _lUCH01 _h0127 |
||
| 590 |
_aBATCH-UPD _b10 _c20130110 _lUCH01 _h0758 |
||
| 590 |
_aBATCH-UPD _b10 _c20130409 _lUCH01 _h2122 |
||
| 590 |
_aBATCH-UPD _b10 _c20130913 _lUCH01 _h1958 |
||
| 590 |
_aCONVERSION _b10 _c20130109 _lUCH01 _h1337 |
||
| 650 | 1 | 4 |
_aHorticultura _xAmérica Latina. _956294 |
| 650 | 1 | 4 |
_aLegumbres _xMercadeo. _965740 |
| 650 | 1 | 4 |
_aLegumbres _xVariedades. _965795 |
| 830 | 0 |
_aAGP _v; FVC; 3 _91137 |
|
| 901 | _aBK | ||
| 942 | _cFOLL | ||
| 949 |
_aFolleto 11914 _bBC _cFAO _d-29638 _eFAO1 _i76781 _si |
||
| 999 |
_c66339 _d66339 |
||